000 00369nam a2200145Ia 4500
008 230711s9999||||xx |||||||||||||| ||und||
041 _aENG
082 _a624
_bCH-C
100 _aChernousenko,Vladimir M
245 0 _aChernobyl, insight from the inside
250 _a1st . Ed.
260 _c1991
_aNew Delhi
_bSpringer
650 _aMechanical Engineering
942 _cBK
999 _c3551
_d3551